00521 2200193 4500001002100000005001500021035002000036245008400056100002600140250000600166300003100172700002400203260003900227082001100266084001700277020000600294600001000300990001700310INLIS00000000000152420230303020701 a0010-03230000241 aBurung Gagak Yang Cerdik /cYudhistira Ikranegara ; Editor, Trifia Astuti, S.Pd0 aYudhistira Ikranegara a- a24 hlm. :bilus. ;c19 cm.0 aTrifia Astuti, S.Pd a[ s.i ] :bLingkar Media,c[ s.a ] a398.24 a398.24 YUD b a- 4aFabel a05039/H/2023